S'jezdy i konferencii KPSS : spravočnik /
Uložené v:
| Ďalší autori: | |
|---|---|
| Médium: | Kniha |
| Jazyk: | Russian |
| Vydané: |
Moskva :
Politizdat,
1983.
|
| Vydanie: | 1. izd. |
| ISBN: |
(brož.) |
| Fyzický popis: |
319 s. |
| Tagy: |
Pridať tag
Žiadne tagy, Buďte prvý kto otaguje tento záznam!
|
Titul je dostupný aj v ... 

MARC
| LEADER | 00000nam a22000002a 4500 | ||
|---|---|---|---|
| 001 | 000413421 | ||
| 005 | 20121217225214.0 | ||
| 008 | 071121s1983 ru e rus d | ||
| 020 | |a (brož.) |c Kčs 5,00 | ||
| 040 | |a SVKKK |b slo |c SVKKK |e AACR2 | ||
| 041 | 0 | |a rus | |
| 044 | |a ru |c RU | ||
| 245 | 1 | 0 | |a S'jezdy i konferencii KPSS : |b spravočnik / |c Aleksandr Arsen'jevič Solov'jev. |
| 250 | |a 1. izd. | ||
| 260 | |a Moskva : |b Politizdat, |c 1983. | ||
| 300 | |a 319 s. | ||
| 700 | 1 | |a Solov'jev Aleksandr Arsen'jevič |4 edt | |
| 910 | |a svkkk | ||
| 998 | |a BK | ||
| 090 | |g SCKHL |k Sklad Hlavná 10 prízemie |a I.56150 |j 704278 |i 2720392199 |4 Zastaraná |s Vyradená | ||